[Event "MVP-ch Seniors op 13th"]
[Site "Binz"]
[Date "2013.12.05"]
[Round "9"]
[White "Killmer, Marlies"]
[Black "Horch, Helmut"]
[Result "1-0"]
[WhiteElo "1488"]
[BlackElo "1697"]
[PlyCount "107"]
[EventDate "2013.11.27"]
[EventType "swiss"]
[EventRounds "9"]
[EventCountry "GER"]
[SourceTitle "EXT 2015"]
[Source "ChessBase"]
[SourceDate "2014.11.20"]
[SourceVersion "1"]
[SourceVersionDate "2014.11.20"]
[SourceQuality "1"]

1. d4 e6 2. Nf3 Nf6 3. Bf4 d5 4. e3 c6 5. Nbd2 Nbd7 6. c3 Be7 7. h3 0-0 8. Bd3 h6 9. 0-0 Re8 10. Re1 Nf8 11. e4 dxe4 12. Nxe4 Nd5 13. Bg3 f5 14. Ned2 Bd6 15. Ne5 Qf6 16. Ndf3 f4 17. Bh2 Bxe5 18. Nxe5 Nd7 19. Ng4 Qg5 20. Qf3 Rf8 21. Rxe6 h5 22. Ne5 N7f6 23. Rd6 Ne8 24. Rg6 Qd8 25. Qxh5 Ndf6 26. Qh6 Qc7 27. Bxf4 Be6 28. Re1 Bxa2 29. Nf7 Qxf7 30. Be5 Rd8 31. Re3 Rd7 32. Reg3 Bd5 33. Bxf6 Nxf6 34. Rxf6 Qxf6 35. Qh7+ Kf7 36. Re3 Be6 37. Rf3 Qxf3 38. gxf3 Ke8 39. Be4 Kd8 40. Qh4+ Rf6 41. Bg6 Kc8 42. Be4 Rh6 43. Qf4 Bxh3 44. Qf8+ Kc7 45. Qf4+ Kb6 46. Qe5 Re6 47. Qc5+ Ka6 48. Qa3+ Kb6 49. Qc5+ Kc7 50. Qh5 Rh6 51. Qe5+ Kd8 52. Qb8+ Ke7 53. Qe5+ Be6 54. Qxg7+ 1-0

[Event "MVP-ch Seniors op 13th"]
[Site "Binz"]
[Date "2013.12.01"]
[Round "5"]
[White "Killmer, Marlies"]
[Black "Girod, Gudrun"]
[Result "1/2-1/2"]
[WhiteElo "1488"]
[BlackElo "1291"]
[PlyCount "46"]
[EventDate "2013.11.27"]
[EventType "swiss"]
[EventRounds "9"]
[EventCountry "GER"]
[SourceTitle "EXT 2015"]
[Source "ChessBase"]
[SourceDate "2014.11.20"]
[SourceVersion "1"]
[SourceVersionDate "2014.11.20"]
[SourceQuality "1"]

1. d4 d5 2. Nf3 e6 3. Bf4 Nf6 4. e3 Be7 5. Bd3 Nbd7 6. c3 0-0 7. h3 h6 8. 0-0 c5 9. Nbd2 Qb6 10. Qb3 c4 11. Qxb6 Nxb6 12. Bc2 Bd7 13. Rfe1 Bc6 14. a4 Rad8 15. e4 dxe4 16. Bxe4 Nxe4 17. Nxe4 Bxe4 18. Rxe4 Nd5 19. Bg3 a6 20. a5 Nf6 21. Ree1 Nd5 22. Nd2 Rc8 23. Ra4 b5 1/2-1/2

[Event "MVP-ch Seniors op 13th"]
[Site "Binz"]
[Date "2013.11.29"]
[Round "3"]
[White "Killmer, Marlies"]
[Black "Engelhardt, Erhard"]
[Result "0-1"]
[WhiteElo "1488"]
[BlackElo "1707"]
[PlyCount "92"]
[EventDate "2013.11.27"]
[EventType "swiss"]
[EventRounds "9"]
[EventCountry "GER"]
[SourceTitle "EXT 2015"]
[Source "ChessBase"]
[SourceDate "2014.11.20"]
[SourceVersion "1"]
[SourceVersionDate "2014.11.20"]
[SourceQuality "1"]

1. d4 e6 2. Nf3 b6 3. Bf4 Bb7 4. e3 f5 5. Be2 Nf6 6. h3 Be7 7. Nbd2 0-0 8. 0-0 c5 9. c3 Ne4 10. Nxe4 Bxe4 11. Nd2 Bb7 12. Bf3 Bxf3 13. Nxf3 d6 14. dxc5 bxc5 15. c4 Nc6 16. Qd2 Rc8 17. Rfd1 e5 18. Bg3 Qc7 19. Ne1 Rcd8 20. Nc2 Rb8 21. b3 Kh8 22. Na3 a6 23. Nb1 Rbd8 24. Nc3 Bf6 25. Rab1 Ne7 26. Qc2 g6 27. Nd5 Nxd5 28. Rxd5 Rb8 29. Rbd1 Rfd8 30. R1d2 Kg7 31. Qd1 Be7 32. Bxe5+ dxe5 33. Rd7 Rxd7 34. Rxd7 Rd8 35. Rxc7 Rxd1+ 36. Kh2 Kf7 37. Ra7 Rd2 38. Rxa6 Rxf2 39. a4 Rb2 40. Rb6 Ra2 41. Rb7 Ke6 42. Kg3 h6 43. Rb6+ Bd6 44. Rb5 e4+ 45. Kh4 Rxg2 46. a5 Be7# 0-1